000 00259nam a22001217a 4500
008 170927b xxu||||| |||| 00| 0 eng d
041 _aeng
080 _a37
100 _a47
101 _aEDU
245 _aA WORLD OF IDEAS
_cJACOBUS.L.A
942 _2udc
_cBK
999 _c30315
_d30315